000
00302nam a22001337a 4500
008
170505b xxu||||| |||| 00| 0 eng d
020
_a
9780028657523
041
_a
eng
080
_a
34
100
_a
14
101
_a
SHJ
245
_a
MAJOR OF ACTS OF CONGRESS
_c
LANDSBERG.B.K
942
_2
udc
_c
BK
999
_c
12831
_d
12831